Chemical process principles , (Record no. 4377)
[ view plain ]
| 000 -LEADER | |
|---|---|
| fixed length control field | 00712nac a22001931u 4500 |
| 010 ## - LIBRARY OF CONGRESS CONTROL NUMBER | |
| LC control number | 47002341 |
| 035 ## - SYSTEM CONTROL NUMBER | |
| System control number | (OCoLC)2150505 |
| 082 ## - DEWEY DECIMAL CLASSIFICATION NUMBER | |
| Classification number | 660 |
| Item number | H8381 |
| 090 ## - LOCALLY ASSIGNED LC-TYPE CALL NUMBER (OCLC); LOCAL CALL NUMBER (OCLC) | |
| -- | 4377 |
| -- | 4377 |
| 100 ## - MAIN ENTRY--PERSONAL NAME | |
| Personal name | Hougen, Olaf A. |
| 245 10 - TITLE STATEMENT | |
| Title | Chemical process principles , |
| Statement of responsibility, etc | by Olaf A. Hougen and Kenneth M. Watson. |
| 260 ## - PUBLICATION, DISTRIBUTION, ETC. (IMPRINT) | |
| Place of publication, distribution, etc | New York, |
| Name of publisher, distributor, etc | Wiley; |
| Place of publication, distribution, etc | London, |
| Name of publisher, distributor, etc | Chapman and Hall, limited |
| Date of publication, distribution, etc | [1947] |
| 300 ## - PHYSICAL DESCRIPTION | |
| Extent | 2 p. l., 52 diagr. |
| Dimensions | 28 x 24 cm. |
| 650 #0 - SUBJECT ADDED ENTRY--TOPICAL TERM | |
| Topical term or geographic name as entry element | Chemical engineering. |
| 650 #0 - SUBJECT ADDED ENTRY--TOPICAL TERM | |
| Topical term or geographic name as entry element | Chemistry, Physical and theoretical. |
| 700 1# - ADDED ENTRY--PERSONAL NAME | |
| Personal name | Watson, Kenneth Merle, |
| Dates associated with a name | 1903- |
| 942 ## - ADDED ENTRY ELEMENTS (KOHA) | |
| Item type | Book - Borrowing |
| Call number prefix | 660H8381 |
| Withdrawn status | Item status | Damaged status | Not for loan | Home library | Current library | Shelving location | Date acquired | Source of acquisition | Total Checkouts | Full call number | Barcode | Date last seen | Koha item type |
|---|---|---|---|---|---|---|---|---|---|---|---|---|---|
| Central Library | Central Library | First floor | 07/09/2005 | Purchase | 660 HOU | 000005341 | 15/07/2025 | Book - Borrowing |